|
|
|
|
| LEADER |
00699cam a2200229 7i4500 |
| 001 |
0000021391 |
| 005 |
20140616090000.0 |
| 020 |
# |
0 |
|a 0852927681
|
| 090 |
0 |
0 |
|a H 62
|b M153 1998
|
| 100 |
1 |
# |
|a Mackay, Ian
|
| 245 |
1 |
0 |
|a Asking questions
|c Ian Mackay, revised and updated by Krystyna Weinstein.
|
| 250 |
# |
# |
|a 2nd ed..
|
| 260 |
# |
# |
|a London:
|b IPD,
|c 1998.
|
| 300 |
# |
# |
|a 81 p.;
|c 20 cm.
|
| 490 |
0 |
0 |
|a Management Shapers series
|
| 590 |
# |
# |
|a Pusat Pendidikan Asas dan Liberal
|
| 650 |
0 |
0 |
|a Questionnaires
|
| 650 |
0 |
0 |
|a Research --
|x Methods
|
| 650 |
0 |
0 |
|a Social sciences --
|x Research
|
| 650 |
0 |
0 |
|a Social Sciences
|
| 700 |
1 |
1 |
|a Weinstein,
|h Krystyna
|
| 999 |
|
|
|a 1000406150
|b Book
|c Open Shelf
|e KOLEKSI TERBUKA
|